000 01000nam a2200277 a 4500
001 923
003 BR-CuiBMT
005 20231123013844.0
008 231122s2016 prba 000 0 por d
020 _a9788547300609
040 _aBR-CuiBMT
_cBR-CuiBMT
080 _22007
_a37.091:005
090 _a37.091:005
_bG393
245 0 0 _aGestão educacional :
_bsistemas e conselhos municipais de educação /
_cBartolomeu José Ribeiro de Sousa, Regina Aparecida da Silva, Sandra Regina Geiss Lorensini [org.].
260 _aCuritiba :
_bAppris,
_c2016.
300 _a183 p. :
_bil. ;
_c22 cm
500 _aVários autores.
504 _aInclui bibliografia.
650 _aGestão educacional
650 _aEscola públicas
_vOrganização e administração
650 _aAmbiente educacional
_xOrganização e administração
700 1 _aSousa, Bartolomeu José Ribeiro de
_4org.
700 1 _aSilva, Regina Aparecida da
_4org.
700 1 _aLorensini, Sandra Regina Geiss
_4org.
942 _2udc
_cLV
999 _c923
_d923